|
|
|
|
| LEADER |
00000cas a22000004a 4500 |
| 001 |
vtls001435701 |
| 003 |
SK-MaSNL |
| 005 |
20260221113821.0 |
| 008 |
180810d18951900xo ar 1 0b0hun |
| 035 |
|
|
|a SNK000390791
|
| 040 |
|
|
|a SNK
|b slo
|c SNK
|e AACR2
|
| 041 |
0 |
|
|a hun
|
| 044 |
|
|
|a xo
|c SK
|
| 245 |
0 |
2 |
|a A Kegyes Tanitórendiek Vezetése Alatt Álló ... rtesítője az ...
|
| 260 |
|
|
|a Pozsony
|b Angermayer Károly
|c [1895-1900]
|
| 300 |
|
|
|a zv.
|
| 310 |
|
|
|a 1x ročne
|
| 362 |
0 |
|
|a [1895-1900]
|
| 500 |
|
|
|a Súčasťou názvu je označenie roku
|
| 752 |
|
|
|a Slovensko
|c Bratislava
|
| 910 |
|
|
|a snk
|
| 958 |
|
|
|a ONDV
|
| 999 |
|
|
|c 2739
|d 4669
|
| 952 |
|
|
|0 0
|1 0
|4 0
|7 0
|a SNK
|b SNK
|d 2002-06-05
|l 0
|o snkČSC 2301/1895-1896
|p 17A0344116
|r 2005-01-02 00:00:00
|w 2026-02-21
|y PREZ
|
| 952 |
|
|
|0 0
|1 0
|4 0
|7 0
|a SNK
|b SNK
|d 2002-06-05
|l 0
|o snkČSC 2301/1894-1895
|p 17A0344207
|r 2005-01-02 00:00:00
|w 2026-02-21
|y PREZ
|
| 952 |
|
|
|0 0
|1 0
|4 0
|7 0
|a SNK
|b SNK
|d 2002-06-05
|l 0
|o snkČSC 2301/1896-1897
|p 17A0344271
|r 2005-01-02 00:00:00
|w 2026-02-21
|y PREZ
|
| 952 |
|
|
|0 0
|1 0
|4 0
|7 0
|a SNK
|b SNK
|d 2002-06-05
|l 0
|o snkČSC 2301/1898-1899
|p 17A0344208
|r 2005-01-02 00:00:00
|w 2026-02-21
|y PREZ
|
| 952 |
|
|
|0 0
|1 0
|4 0
|7 0
|a SNK
|b SNK
|d 2002-06-05
|l 0
|o snkČSC 2301/1899-1900
|p 17A0344272
|r 2005-01-02 00:00:00
|w 2026-02-21
|y PREZ
|